| 000 | 00416nam a2200169Ia 4500 | ||
|---|---|---|---|
| 003 | GCL | ||
| 040 |
_aGCL / _cGCL |
||
| 082 | 0 | 4 |
_aCH. _b507 _bM T |
| 100 | 1 | _aMARLIER, MARCEL | |
| 245 | 1 | 0 |
_aDIE TIERE IN FELD UND FLUR / _cMARLIER, MARCEL |
| 260 |
_a[S.N] : _bPESTALOZZI- VERLAG ، _c1986 |
||
| 300 | _a21 P | ||
| 650 | 0 | 4 | _aSTUDY AND TEACHING |
| 650 | 0 | 4 | _aGERMAN LANGUAGE |
| 650 | 0 | 4 | _aCHILDREN |
| 942 |
_2ddc _cBK |
||
| 999 |
_c18060 _d18060 |
||